000 01044nam a22003257a 4500
001 BR8106647
003 BR-BrBNA
005 20230928091102.0
007 ta
008 230509b bl.||||| |||| 00| 0 por d
040 _aBR-BrBNA
_bpor
_cBiblioteca Nacional de Agricultura
041 _a(Por)
072 _aF00; E70
_b0430
_b/G514
090 _ 0430 BR8106647
110 1 _aCentro de Treinamento em Desenvolvimento Economico, Fortaleza, CE (Brasil)
_91678
245 1 _aA pequena producao algodoeira na regiao de Sobral [Ceara, Brasil]
_b1. Curso de Desenvolvimento Urbano e Regional
260 3 _aFortaleza, CE (Brasil):
_c1981.
300 _a74 p.
500 _a(*) Documento disponível no(a) Centro de Treinamento em Desenvolvimento Economico, Fortaleza, CE (Brazil)
650 _aFISIOGRAFIA
650 _aALGODAO ARBOREO
650 _aPECUARIA
650 _aTERRA
650 _aCOMERCIALIZACAO
650 _aMAO-DE-OBRA
650 _aSOBRAL
650 _aCEARA
909 _a202309
_bLucia
_c55
_dLucia Elande
942 _cBK
999 _c32143
_d32143